Einwohner von Entenhausen - Statistiken

Allgemein
  • Dieses Quiz wurde 169 mal gespielt
  • Das Durchschnittsergebnis liegt bei 19 aus 52
Antwortstatistiken
Antwort % Korrekt
Donald Duck
100%
Tick
97%
Trick
97%
Track
96%
Dagobert Duck
95%
Daisy Duck
92%
Phantomias
88%
Goofy
82%
Micky Maus
81%
Daniel Düsentrieb
79%
Panzerknacker
75%
Gustav Gans
73%
Minnie Maus
71%
Supergoof
71%
Pluto
64%
Kater Karlo
51%
Gundel Gaukeley
49%
Klaas Klever
39%
Helferlein
36%
Dussel Duck
34%
Franz Gans
34%
Mac Moneysac
34%
Das Schwarze Phantom
29%
Klarabella Kuh
29%
Rudi Ross
26%
Dorette Duck
23%
Kommissar Hunter
21%
Baptist
20%
Dicky
18%
Ducky
18%
Gitta Gans
17%
Dacky
16%
Inspektor Issel
15%
Muck
15%
Opa Knack
15%
Emil Erpel
14%
Mack
14%
Primus von Quack
13%
Gamma
12%
Johann
12%
Mortimer Maus
10%
Trudi
10%
Kater Kuno
8%
Henriette Huhn
6%
A-Hörnchen
5%
B-Hörnchen
5%
Professor Zapotek
5%
Plattnase
4%
Schnauz
4%
Kralle
3%
Dolly Duck
2%
Professor Marlin
2%
Keine übereinstimmenden Quizze gefunden
Verteilung der Resultate
Anzahl Personen mit jedem Resultat
Perzentil nach korrekt beantworteten Fragen
Ihre Resultats-Entwicklung
Sie haben dieses Quiz noch nicht gespielt